=LDR 00000nam 2200000 4500 =001 000576 =005 20250711010537 =035 ##$$a 0010-0725000444 =007 ta =008 250711################a##########0#ind## =020 ##$$a 978-623-118-858-8 =082 ##$$a 398.209 598 =084 ##$$a 398.209 598 BAN o =100 #$$a Hasan Al Banna =245 1#$$a Odang Pintar /$c Hasan Al Banna =250 ##$$a Cetakan Pertama =260 ##$$a Rawamangun :$b Badan Pengembangan dan Pembinaan Bahasa,$c 2022 =300 ##$$a 24 hlm. : $b Ilus. ; $c 29,7 cm. =650 #4$$a Cerita Anak - Indonesia =650 #4$$a Cerita Bergambar =856 ##$$a TBM AS SUHADA =990 ##$$a TBM03360336